| 000 | 00895 a2200289 4500 | ||
|---|---|---|---|
| 999 |
_c200002141 _d28373 |
||
| 001 | 200002141 | ||
| 003 | TR-AnTOB | ||
| 005 | 20230220114953.0 | ||
| 008 | 101018e2005 enk 000 0 | ||
| 020 | _a9756285087 | ||
| 040 |
_aTR-AnTOB _cTR-AnTOB |
||
| 041 | 0 | _atur | |
| 050 | 1 | 4 |
_aJA71 _b.F67 2005 |
| 090 | _aJA71.F67 2005 | ||
| 245 | 0 | 0 |
_aForeign policy of states : _ba handbook on world affairs / _ceditors: Wolfgang Gieler, Kemal İnat, Claudio Kullmann. |
| 264 | 1 |
_aİstanbul : _bTasam Yayınları, _c2005. |
|
| 300 |
_a576 . ; _c23 cm. |
||
| 490 | 0 |
_aTasam Yayınları ; _aForeign Relations Serial ; _v4. |
|
| 504 | _aIncludes bibliographical references. | ||
| 650 | 0 |
_aPolitical science _98052 |
|
| 650 | 0 |
_aInternational relations _92935 |
|
| 700 | 1 |
_aGieler, Wolfgang _971012 |
|
| 700 | 1 |
_aİnat, Kemal _971013 |
|
| 700 | 1 |
_aKullmann, Claudio _971014 |
|
| 942 |
_cBK _2lcc |
||